000 00755nam a2200217Ii 4500
003 JO-AjNU
008 230605s9999||||xx |||||||||||||| ||und||
017 _a2022/6/2958
020 _a978-9923-43-105-4
040 _aJO-AjNU
_bara
_erda
_cJO-AjNU
041 _aara
050 1 4 _aQA76.9.2023
100 3 _aالتلمساني، مؤنس عبداللطيف ,
_eauthor
_963394
245 0 0 _aالامن السيبراني والتحليل السسيولوجي للمجتمع
250 _aط1
300 _a212ص
336 _atext
_btxt
_2rdacontent
337 _aunmediated
_bn
_2rdamedia
338 _avolume
_bnc
_2rdacarrier
650 4 _aامن البيانات-الاثنوغرافيا-ادارة المخاطر-حماية البيانات
_963395
999 _aA28754
_c32322
_d32322